00813 2200301 4500001002100000005001700021008004100038020001800079035002400097082001200121090002200133100002600155245009400181250001100275260003700286300002400323650002100347700001600368700001700384850001200401980001500413985000600428999001500434990001600449990001500465990001500480990001600495YOGYA-0209000005341920090227033139.0 ind  a979-514-192-9 0010-020900000053419 a745.925 a745.925bKus SlT aKUSUMO, Slamet Hendro aSeni merangkai buah dan sayurcSlamet Hendro Kusumo, Irawa T. DS; Ilustrator: Slamet H. K aCet. 5 aBandungbRemaja Rosdakaryac1994 a28 hlmbilusc21 cm aKerajinan tangan aD. S. Irawa aH. K. Slamet aYOPDYOG a03-01-2008 a1 a00P0005565 a5562-P/2000 a109658-P98 a109659-P98 a5565-P/2000